000 00390pab a2200157 454500
008 180718b2008 xxu||||| |||| 00| 0 eng d
100 _aAnand, Vinod K.
245 _aUnorganized sector: a policy framework for developing countries
260 _c2008
300 _ap.287-312.
362 _aAug
650 _aIndustry
773 _aAsian Economic Review
908 _aN
909 _a79741
999 _c79741
_d79741